000 00492nam a22001697a 4500
999 _c740
_d740
003 AR-CdUCM
008 190225b ||||| |||| 00| 0 spa d
040 _aMUNICIPALIDAD PROVINCIAL DEL CUSCO
_cBIBLIOTECA MUNICIPAL DEL CUSCO
082 _a922 /
_bB191
100 _aBallester Escalas, R.
_92840
245 _aRosa de Lima
260 _aEspaña :
_bEdiciones Toray, S. A. ;
_c1966.
300 _a188 páginas
_c19cm
505 _areligión
942 _2ddc
_cLIBROS
945 _anom
_d2019-02-25